Fruitcultivation in India / (Record no. 12932)
[ view plain ]
| 000 -LEADER | |
|---|---|
| fixed length control field | 00387cam a2200145ua 4500 |
| 041 ## - LANGUAGE CODE | |
| Language code of text/sound track or separate title | eng |
| 100 ## - MAIN ENTRY--AUTHOR NAME | |
| Personal name | Briji, Bhushan . |
| 245 ## - TITLE STATEMENT | |
| Title | Fruitcultivation in India / |
| 260 ## - PUBLICATION, DISTRIBUTION, ETC. (IMPRINT) | |
| Place of publication | Delhi : |
| Name of publisher | Directrate of Exetension , |
| Year of publication | 1993. |
| 300 ## - PHYSICAL DESCRIPTION | |
| Number of Pages | ; . |
| 700 1# - ADDED ENTRY--PERSONAL NAME | |
| Personal name | harish, Chandra sharma . |
| 942 ## - ADDED ENTRY ELEMENTS (KOHA) | |
| Koha item type | Books |
| Withdrawn status | Lost status | Damaged status | Home library | Current library | Date acquired | Accession Number | Koha item type |
|---|---|---|---|---|---|---|---|
| KAUAET | KAUAET | 07/04/2012 | 21076 | Books |
